Idaho County Seats - Statistics

General Stats
  • This quiz has been taken 14 times
  • The average score is 26 of 44
Answer Stats
County County Seat % Correct
Ada Boise
100%
Bonneville Idaho Falls
89%
Twin Falls Twin Falls
89%
Bingham Blackfoot
78%
Canyon Caldwell
78%
Kootenai Coeur d'Alene
78%
Blaine Hailey
78%
Jerome Jerome
78%
Nez Perce Lewiston
78%
Latah Moscow
78%
Elmore Mountain Home
78%
Butte Arco
67%
Boundary Bonners Ferry
67%
Valley Cascade
67%
Teton Driggs
67%
Gooding Gooding
67%
Payette Payette
67%
Madison Rexburg
67%
Lemhi Salmon
67%
Bonner Sandpoint
67%
Caribou Soda Springs
67%
Power American Falls
56%
Cassia Burley
56%
Custer Challis
56%
Clark Dubois
56%
Camas Fairfield
56%
Boise Idaho City
56%
Owyhee Murphy
56%
Franklin Preston
56%
Fremont Saint Anthony
56%
Lincoln Shoshone
56%
Washington Weiser
56%
Adams Council
44%
Gem Emmett
44%
Idaho Grangeville
44%
Oneida Malad City
44%
Clearwater Orofino
44%
Bear Lake Paris
44%
Bannock Pocatello
44%
Jefferson Rigby
44%
Minidoka Rupert
44%
Benewah St. Maries
44%
Shoshone Wallace
22%
Lewis Nazperce
0%
No matching quizzes found
Score Distribution
Percent of People with Each Score
Percentile by Number Answered
Your Score History
You have not taken this quiz